000 00523nam a2200169Ia 4500
008 090201s9999 xx 000 0 und d
010 _aKPL-25390
040 _bमराठी
041 _aमराठी
082 _a46366
_b25390
100 _aना दा जोशी
245 _aलाखाचे गुपीत
_cना दा जोशी
260 _c2005
_bमनोरंजन प्रकाशन
300 _a172
_bमोठा
600 _aलाखाचे गुपीत
942 _cBOOK
999 _c243206
_d243206